Estructura y funcionamiento de una economía subdesarrollada madura: una introducción /
Zapisane w:
| 1. autor: | |
|---|---|
| Format: | Texto |
| Hasła przedmiotowe: | |
| Etykiety: |
Dodaj etykietę
Nie ma etykietki, Dołącz pierwszą etykiete!
|
MARC
| LEADER | 00000 a a2200000 04500 | ||
|---|---|---|---|
| 001 | 41691 | ||
| 003 | |||
| 040 | |||
| 100 | |a Silva Michelina, Héctor | ||
| 245 | |a Estructura y funcionamiento de una economía subdesarrollada madura: |b una introducción / |c Héctor Silva Michelina | ||
| 650 | |a SUBDESARROLLO | ||
| 650 | |a CAPITALISMO | ||
| 650 | |a PRODUCCION | ||
| 650 | |a PAISES EN DESARROLLO | ||
| 650 | |a BURGUESIA | ||
| 650 | |a AMERICA LATINA | ||
| 773 | |g volumen4, número15 (1973), páginas 81-102 | ||
| 999 | |c 22259 |d 22259 | ||
